000 00493nam a2200181Ia 4500
008 240925s9999 xx 000 0 und d
020 _a9788131717035
082 _a004.019 DIX
100 _aDix Alan
245 0 _aHuman-Computer Interaction
250 _a3rd
260 _aNew Delhi:
_bPearson Education
_c,2008.
300 _axl,695p.
_bN.A
_fPirated
500 _aIncludes Index
600 _aComputer Science
650 _aComputer science, information & general works
942 _cBK
999 _c10732
_d10732